El secreto de Chimneys
Novela policiaca que relata como Anthony Cade un joven que ejerce como guía turístico en África, se ve obligado a ir a Inglaterra para entregar unas memorias por parte de su amigo para venderlas al periodico. Pero todo se vuelve complicado al revelarse conspiraciones y secretos que pueden cargar una...
Saved in:
| Main Author: | |
|---|---|
| Format: | Book |
| Language: | Undetermined |
| Published: |
Barcelona, España
Editorial Molino
1959
|
| Subjects: | |
| Tags: |
Add Tag
No Tags, Be the first to tag this record!
|
MARC
| LEADER | 00000nam a2200000Ia 4500 | ||
|---|---|---|---|
| 008 | 170316s9999 xx 000 0 und d | ||
| 040 | |a cru BVZT | ||
| 090 | |a 820 CH-3s | ||
| 100 | |a Christie, Agatha | ||
| 245 | |a El secreto de Chimneys | ||
| 260 | |a Barcelona, España | ||
| 260 | |b Editorial Molino | ||
| 260 | |c 1959 | ||
| 300 | |a 240 páginas | ||
| 520 | |a Novela policiaca que relata como Anthony Cade un joven que ejerce como guía turístico en África, se ve obligado a ir a Inglaterra para entregar unas memorias por parte de su amigo para venderlas al periodico. Pero todo se vuelve complicado al revelarse conspiraciones y secretos que pueden cargar una de las cartas que lleva Anthony. La novela se encuentra en español. | ||
| 650 | |a LITERATURA INGLESA |9 12 | ||
| 650 | |a NOVELA - SUSPENSO | ||
| 650 | |a NOVELA - MISTERIO | ||
| 999 | |c 6819 |d 6819 | ||
| 942 | |c 15 D |h 820 CH-3s |2 z | ||
